000 01037nam a2200253 a 4500
001 000034701
005 20240406073830.0
008 111019s1960 sp 000 0 spa d
040 _aDO-SdBNP
_bspa
_cBNPHU
082 _a321.4
_bB949d
100 1 _aBurdeau, George
_960153
240 1 3 _aLa democratie .
_lEspañol
245 1 3 _aLa democracia :
_bensayo sintético /
_cGeorges Burdeau ; prólogo Manuel Jiménez de Parga.
260 _aBarcelona
_aCaracas :
_bAriel,
_c1960.
300 _a152 p. ;
_c20 cm.
490 0 _aPublicaciones del Seminario de Derecho Político de la Universdad de Barcelona
490 0 _aDemos - Colección de Ciencia Política
504 _aIncluye referencias bibliográficas y notas al pie de las páginas
650 0 _aDemocracia
_9286
700 1 2 _aJiménez Parga, Manuel de,
_epról.
_960154
830 0 _aPublicaciones del Seminario de Derecho Político de la Universdad de Barcelona
_960155
830 0 _aDemos - Colección de ciencia política
_960156
910 _aValidado. Control de calidad MFF
999 _c34192
_d34192